Fundamentals of Electricals Engineering / (Record no. 167552)

MARC details
000 -LEADER
fixed length control field 00664nam a22001937a 4500
005 - DATE AND TIME OF LATEST TRANSACTION
control field 20220215115622.0
010 ## - LCCN (DPL NO)
LC control number ENG-126451
020 ## - INTERNATIONAL STANDARD BOOK NUMBER
Terms of availability 280.00
International Standard Book Number 978-93-83640-21-8
035 ## - SYSTEM CONTROL NUMBER
System control number EN-109983
037 ## - SOURCE OF ACQUISITION
Source of stock number/acquisition DBAD/PUB
082 ## - DEWEY DECIMAL CLASSIFICATION NUMBER
Classification number 621.3
100 ## - MAIN ENTRY--PERSONAL NAME
Personal name Sridhar,P
245 ## - TITLE STATEMENT
Title Fundamentals of Electricals Engineering /
Statement of responsibility, etc by P Sridhar [and] D Shobha Rani
260 ## - PUBLICATION, DISTRIBUTION, ETC. (IMPRINT)
Place of publication, distribution, etc Hyderabad
Name of publisher, distributor, etc Specturm Unversity
Date of publication, distribution, etc 2018
270 ## - ADDRESS
City Hyderabad
Address #326/C,1st Floor, Surneni Nilayam Near B K Guda Park, S R Nagar
Postal code 500038
Telephone number +91 40 23710657, 238000657
Fax number +91 40 23810657
300 ## - PHYSICAL DESCRIPTION
Extent 398p.
Dimensions 24cm(pbk)
700 ## - ADDED ENTRY--PERSONAL NAME
Personal name Rani, D Shobha
942 ## - ADDED ENTRY ELEMENTS (KOHA)
Source of classification or shelving scheme Dewey Decimal Classification
Item type English Books
Classification part 621.3
Call number suffix SRI
Holdings
Withdrawn status Lost status Not for loan Collection code Home library Current library Date acquired Source of acquisition Cost, normal purchase price Full call number Barcode Copy number Cost, replacement price Koha item type
      Non-fiction Ashok Vihar Ashok Vihar 09/09/2019 DBAD/PUB 280.00 621.3 SRI EN-109983 1 280.00 English Books

© Delhi Public Library
Hit Counter
free hit counter